| 000 | 00948nam a22001695i 4500 | ||
|---|---|---|---|
| 001 | 161245 | ||
| 003 | ES-MaACL | ||
| 005 | 20230906212231.0 | ||
| 008 | 020724s1832 fr |||| | fre d | ||
| 040 |
_aCCPB | B _bspa _cCCPB | B |
||
| 100 | 1 |
_aPaillard, H. _988318 |
|
| 245 | 1 | 0 |
_aHistoire statistique du chólera-morbus qui a régné en France en 1832 _b: suivie de réflexions sur las causes et la propagation de cette épidèmie, de 40 tableaux contenant les résultats obtenus par chacun médecins de l'Hòtel-Dieu, et le chiffre des malades et des morts en France, classés par jour et par arrondissement / _cpar H. Paillard. |
| 260 |
_aParis : _bchez l'auteur, a l'Hotel-Dieu : _bet chez J-B- Baillière, libraire de l'Académie Royale de Médecine, _c1832. |
||
| 300 |
_a114 p. ; _c21 cm. |
||
| 650 |
_aCólera- _zFrancia. _911144 |
||
| 852 |
_aES-MaACL _jT-487-F-2 _z-- Enc. hol. _q-- Falto de la cub. original _z-- Enc. en un vol. facticio |
||
| 999 |
_c161245 _d161245 |
||